Statistics for Movies Set in Africa

Click here to take the quiz!

General Stats

  • This quiz has been taken 142 times
    (78 since last reset)
  • The average score is 12 of 18

Answer Stats

YearDescriptionMovie% Correct
1994Young lion must defeat his scheming uncle to become the kingThe Lion King
100%
1999In the sands of Egypt, a careless reading of ancient texts brings
a preserved corpse back to life
The Mummy
91%
1942Cynical American owns a jazzy bar in MoroccoCasablanca
90%
1963To save her kingdom, Egyptian queen becomes Roman general's mistressCleopatra
88%
2005New York zoo animals get shipped off to an African islandMadagascar
88%
2018Wakandan king won't open his country to the outside worldBlack Panther
84%
2004African hotel worker saves over a thousand people from genocideHotel Rwanda
84%
2001The U.S. military raids Mogadishu with two helicopters in 1993Black Hawk Down
72%
1999Orphan is raised by mountain gorillasTarzan
72%
2006Mercenary promises to help a man find his family who knows
the location of a big, priceless diamond
Blood Diamond
66%
2006Scottish doctor becomes the personal physician of a brutal African dictatorThe Last King of Scotland
63%
2009To heal a broken nation, South African team must win the rugby World CupInvictus
57%
1985Married Danish woman in Africa has a loveless marriage and a torrid affair
with a big game hunter
Out of Africa
57%
1996Horribly burned soldier in Tuscany tells a story about leaving his true love
in a cave in the Libyan Desert
The English Patient
53%
1964Regiment of English soldiers fights against South African tribesmenZulu
53%
2009Few aliens are forced to live in pathetic conditions on EarthDistrict 9
49%
1988An adaptation of wildlife expert Dian Fossey's autobiographyGorillas in the Mist
49%
1993River boat captain meets an ivory trader who has gone
savage in deepest Africa
Heart of Darkness
29%

Score Distribution

Percentile by Number Answered

Percent of People with Each Score

Your Score History

You have not taken this quiz since the last reset